<?xml version="1.0" encoding="UTF-8"?>
<record
    xmlns:xsi="http://www.w3.org/2001/XMLSchema-instance"
    xsi:schemaLocation="http://www.loc.gov/MARC21/slim http://www.loc.gov/standards/marcxml/schema/MARC21slim.xsd"
    xmlns="http://www.loc.gov/MARC21/slim">

  <leader>01678nam0a22003131  4500</leader>
  <controlfield tag="001">v19\rc\1188775</controlfield>
  <controlfield tag="005">20250620051512.0</controlfield>
  <datafield tag="035" ind1=" " ind2=" ">
    <subfield code="a">(NLR Aleph) 005187148</subfield>
  </datafield>
  <datafield tag="090" ind1=" " ind2=" ">
    <subfield code="a">5175742</subfield>
    <subfield code="c">5175742</subfield>
  </datafield>
  <datafield tag="100" ind1=" " ind2=" ">
    <subfield code="a">20051201d1843    |||y0rusy50      ca</subfield>
  </datafield>
  <datafield tag="101" ind1="0" ind2=" ">
    <subfield code="a">rus</subfield>
  </datafield>
  <datafield tag="102" ind1=" " ind2=" ">
    <subfield code="a">RU</subfield>
  </datafield>
  <datafield tag="140" ind1=" " ind2=" ">
    <subfield code="a">a   y   ekb        yaa0000  </subfield>
  </datafield>
  <datafield tag="200" ind1="1" ind2=" ">
    <subfield code="a">&#x41A;&#x438;&#x442;&#x430;&#x439;&#x441;&#x43A;&#x438;&#x44F;, &#x43C;&#x430;&#x43D;&#x44C;&#x447;&#x436;&#x443;&#x441;&#x43A;&#x438;&#x44F;, &#x43C;&#x43E;&#x43D;&#x433;&#x43E;&#x43B;&#x44C;&#x441;&#x43A;&#x438;&#x44F;, &#x438;&#x43B;&#x438;&#x441;&#x43A;&#x438;&#x44F;, &#x43A;&#x43E;&#x440;&#x435;&#x441;&#x43A;&#x438;&#x44F;, &#x44F;&#x43F;&#x43E;&#x43D;&#x441;&#x43A;&#x438;&#x44F;, &#x430;&#x43D;&#x44C;&#x43D;&#x430;&#x43D;&#x44C;&#x441;&#x43A;&#x438;&#x44F; &#x438; &#x43D;&#x435;&#x438;&#x437;&#x432;&#x435;&#x441;&#x442;&#x43D;&#x44B;&#x44F; &#x43C;&#x43E;&#x43D;&#x435;&#x442;&#x44B;, &#x43C;&#x435;&#x434;&#x430;&#x43B;&#x438;, &#x430;&#x441;&#x441;&#x438;&#x433;&#x43D;&#x430;&#x446;&#x438;&#x438;, &#x43C;&#x435;&#x43D;&#x44F;&#x43B;&#x44C;&#x43D;&#x44B;&#x435; &#x431;&#x438;&#x43B;&#x435;&#x442;&#x44B;, &#x437;&#x43E;&#x43B;&#x43E;&#x442;&#x44B;&#x435; &#x438; &#x441;&#x435;&#x440;&#x435;&#x431;&#x440;&#x44F;&#x43D;&#x44B;&#x435; &#x441;&#x43B;&#x438;&#x442;&#x43A;&#x438;</subfield>
  </datafield>
  <datafield tag="210" ind1=" " ind2=" ">
    <subfield code="a">[&#x421;&#x430;&#x43D;&#x43A;&#x442;-&#x41F;&#x435;&#x442;&#x435;&#x440;&#x431;&#x443;&#x440;&#x433;</subfield>
    <subfield code="d">1843]</subfield>
  </datafield>
  <datafield tag="215" ind1=" " ind2=" ">
    <subfield code="a">[2] &#x441;., LX, [1] &#x43B;. &#x438;&#x43B;.</subfield>
    <subfield code="d">1&#xB0;</subfield>
  </datafield>
  <datafield tag="300" ind1=" " ind2=" ">
    <subfield code="a">&#x410;&#x432;&#x442;. &#x440;&#x430;&#x441;&#x43A;&#x440;&#x44B;&#x442; &#x43F;&#x43E; &#x438;&#x437;&#x434;.: Catalogue de la. bibliotheque Nationale. &#x422;.27, &#x441;.613</subfield>
  </datafield>
  <datafield tag="300" ind1=" " ind2=" ">
    <subfield code="a">&#x410;&#x43B;&#x44C;&#x431;&#x43E;&#x43C;</subfield>
  </datafield>
  <datafield tag="316" ind1=" " ind2=" ">
    <subfield code="a">&#x42D;&#x43A;&#x437;. &#x420;&#x41D;&#x411; (18.53.1.16) &#x432; &#x444;&#x43E;&#x440;&#x43C;&#x430;&#x442;&#x435; in folio</subfield>
    <subfield code="5">NLR: 18.53.1.16</subfield>
  </datafield>
  <datafield tag="518" ind1="1" ind2=" ">
    <subfield code="a">&#x41A;&#x438;&#x442;&#x430;&#x439;&#x441;&#x43A;&#x438;&#x435;, &#x43C;&#x430;&#x43D;&#x44C;&#x447;&#x436;&#x443;&#x441;&#x43A;&#x438;&#x435;, &#x43C;&#x43E;&#x43D;&#x433;&#x43E;&#x43B;&#x44C;&#x441;&#x43A;&#x438;&#x435;, &#x438;&#x43B;&#x438;&#x441;&#x43A;&#x438;&#x435;, &#x43A;&#x43E;&#x440;&#x435;&#x441;&#x43A;&#x438;&#x435;, &#x44F;&#x43F;&#x43E;&#x43D;&#x441;&#x43A;&#x438;&#x435;, &#x430;&#x43D;&#x44C;&#x43D;&#x430;&#x43D;&#x44C;&#x441;&#x43A;&#x438;&#x435; &#x438; &#x43D;&#x435;&#x438;&#x437;&#x432;&#x435;&#x441;&#x442;&#x43D;&#x44B;&#x435; &#x43C;&#x43E;&#x43D;&#x435;&#x442;&#x44B;, &#x43C;&#x435;&#x434;&#x430;&#x43B;&#x438;, &#x430;&#x441;&#x441;&#x438;&#x433;&#x43D;&#x430;&#x446;&#x438;&#x438;, &#x43C;&#x435;&#x43D;&#x44F;&#x43B;&#x44C;&#x43D;&#x44B;&#x435; &#x431;&#x438;&#x43B;&#x435;&#x442;&#x44B;, &#x437;&#x43E;&#x43B;&#x43E;&#x442;&#x44B;&#x435; &#x438; &#x441;&#x435;&#x440;&#x435;&#x431;&#x440;&#x44F;&#x43D;&#x44B;&#x435; &#x441;&#x43B;&#x438;&#x442;&#x43A;&#x438;</subfield>
    <subfield code="z">rus</subfield>
  </datafield>
  <datafield tag="700" ind1=" " ind2="1">
    <subfield code="a">&#x428;&#x43E;&#x434;&#x443;&#x430;&#x440;</subfield>
    <subfield code="b">&#x421;.&#x418;.</subfield>
    <subfield code="f">1792-1858</subfield>
    <subfield code="g">&#x421;&#x442;&#x430;&#x43D;&#x438;&#x441;&#x43B;&#x430;&#x432; &#x418;&#x432;&#x430;&#x43D;&#x43E;&#x432;&#x438;&#x447;</subfield>
  </datafield>
  <datafield tag="801" ind1=" " ind2="0">
    <subfield code="a">RU</subfield>
    <subfield code="b">NLR</subfield>
    <subfield code="c">20051201</subfield>
    <subfield code="g">psbo</subfield>
  </datafield>
  <datafield tag="801" ind1=" " ind2="1">
    <subfield code="a">RU</subfield>
    <subfield code="b">ProSoft-M</subfield>
    <subfield code="c">20051201</subfield>
    <subfield code="2">rusmarc</subfield>
  </datafield>
  <datafield tag="801" ind1=" " ind2="2">
    <subfield code="a">RU</subfield>
    <subfield code="b">NLR</subfield>
    <subfield code="c">20051212</subfield>
    <subfield code="2">rusmarc</subfield>
  </datafield>
  <datafield tag="830" ind1=" " ind2=" ">
    <subfield code="a">&#x418;&#x43D;&#x442;&#x435;&#x440;&#x43D;&#x435;&#x442;: http://www.bonistikaweb.ru/KNIGI/ivockina-literatura.htm (3.02.2022)</subfield>
  </datafield>
  <datafield tag="852" ind1=" " ind2=" ">
    <subfield code="a">NLR</subfield>
    <subfield code="j">18.53.1.16</subfield>
  </datafield>
  <datafield tag="942" ind1=" " ind2=" ">
    <subfield code="c">BOOK</subfield>
  </datafield>
  <datafield tag="980" ind1=" " ind2=" ">
    <subfield code="a">NB</subfield>
  </datafield>
  <datafield tag="995" ind1=" " ind2=" ">
    <subfield code="5">2013-10-26</subfield>
    <subfield code="b">NLR02</subfield>
    <subfield code="c">NLR02</subfield>
    <subfield code="e">RFS</subfield>
    <subfield code="f">5187148-10</subfield>
    <subfield code="k">18.53.1.16</subfield>
    <subfield code="o">0</subfield>
    <subfield code="r">BOOK</subfield>
    <subfield code="s">1853116_</subfield>
  </datafield>
</record>
